000
00303nam a2200121Ia 4500
005
20251222143216.0
008
251222s9999||||xx |||||||||||||| ||spa||
082
_a
920.985/D16
100
_a
Dager Alva, Joseph
245
0
_a
Hipólito Unanue o el Cambio en la Continuidad
264
_b
I&D
942
_c
LIB
999
_c
13649
_d
13649